banner-ar

CHRISTIANITY AND CLASSICAL CULTURE THE METAMOR PHOSIS OF NATURAL THEOLOGY IN THE CHRISTIAN / (Record no. 23667)

MARC details
000 -الفاتح
حقل البيانات ثابتة الطول 00571nam a2200193Ia 4500
008 - عناصر البيانات ثابتة الطول - معلومات عامة
حقل البيانات ثابتة الطول 140319s9999 xx 000 0 eng d
040 ## - مصدر الفهرسة
وكالة الفهرسة الأصلية GCL /
وكالة النسخ GCL
082 04 - رقم تصنيف ديوى العشرى
رقم التصنيف 210.93934
رقم المادة P C
100 1# - المدخل الرئيسى - إسم شخصى
الإسم الشخصى PELIKAN, JAROSLOV
245 10 - بيان العنوان
العنوان CHRISTIANITY AND CLASSICAL CULTURE THE METAMOR PHOSIS OF NATURAL THEOLOGY IN THE CHRISTIAN /
بيان المسئوليه,etc PELIKAN, JAROSLOV
260 ## - PUBLICATION, DISTRIBUTION, ETC. (IMPRINT)
تاريخ النشر أو التوزيع 1993
300 ## - الوصف المادى
التعداد 368 P
650 04 - المدخل الاضافى بالموضوع-مصطلح موضوعى
مصطلح موضوعي NATURAL THEOLOGY
650 04 - المدخل الاضافى بالموضوع-مصطلح موضوعى
مصطلح موضوعي EARLY CHURCH
650 04 - المدخل الاضافى بالموضوع-مصطلح موضوعى
مصطلح موضوعي HISTORY
650 04 - المدخل الاضافى بالموضوع-مصطلح موضوعى
مصطلح موضوعي CHRISTIANITY AND CULTURE
942 ## - عناصر المدخل الإضافي( كوها)
مصدر التصنيف او مخطط الترفيف Dewey Decimal Classification
Koha [default] item type كتاب
260 ## - PUBLICATION, DISTRIBUTION, ETC. (IMPRINT)
-- [S.N] :
-- YALE UNIVERSITY ،
Holdings
حالة التراجع حالة الفقد حالة تلف ليس للاعارة المكان المؤقت الموقع الحالى تاريخ الاكتساب اجمالي اﻻعارات رقم الطلب الباركود تاريخ اخر مشاهدة تاريخ تفعيل السعر نوع وعاء كوها
        مكتبة القاهرة الكبرى مكتبة القاهرة الكبرى 03/26/2014   210.93934\P C 42166 03/26/2014 03/26/2014 كتاب

Powered By

EGPV